[Event "NB2 Szechenyi csoport"]
[Site "Aszar"]
[Date "2024.12.01"]
[Round "3.12"]
[White "Kanya, Nimrod"]
[Black "Nagy, Benedek"]
[Result "0-1"]
[WhiteElo "1550"]
[BlackElo "1846"]
[PlyCount "76"]
[GameId "2119381609008230"]
[EventDate "2024.11.03"]
[EventType "team-tourn"]
[EventRounds "11"]
[EventCountry "HUN"]
[Source "chess.hu"]
[WhiteTeam "SE Kisber-Aszar"]
[BlackTeam "Z.Csuti-Hydrocomp SK"]
[WhiteTeamCountry "HUN"]
[BlackTeamCountry "HUN"]

1. e4 c5 2. Nf3 d6 3. Nc3 Nc6 4. Bc4 e6 5. d3 Be7 6. O-O a6 7. a4 Nf6 8. Bg5 O-O 9. Re1 Qc7 10. Qe2 h6 11. Bh4 Ng4 12. Bxe7 Qxe7 13. h3 Nge5 14. Nxe5 Nxe5 15. Bb3 Bd7 16. f4 Nc6 17. Qd2 Nd4 18. Bc4 b5 19. Bb3 b4 20. Ne2 Nxb3 21. cxb3 Rfd8 22. d4 a5 23. Rad1 cxd4 24. Nxd4 e5 25. Nf3 Be6 26. fxe5 dxe5 27. Qc2 f6 28. Rd3 Rac8 29. Qd1 Rxd3 30. Qxd3 Qc5+ 31. Kh2 Qc2 32. Qxc2 Rxc2 33. Re3 Rxb2 34. Ne1 Rxb3 35. Rxb3 Bxb3 36. Nd3 Bxa4 37. Kg1 Bc2 38. Nc5 a4 0-1

[Event "NB2 Szechenyi csoport"]
[Site "Keszthely"]
[Date "2024.12.01"]
[Round "3.1"]
[White "Heiligermann, Gabor"]
[Black "Nemeth, Andras"]
[Result "0-1"]
[WhiteElo "1975"]
[BlackElo "1998"]
[PlyCount "116"]
[GameId "2119391099822628"]
[EventDate "2024.11.03"]
[EventType "team-tourn"]
[EventRounds "11"]
[EventCountry "HUN"]
[Source "chess.hu"]
[WhiteTeam "Tapolca VSE II."]
[BlackTeam "Spartacus Sportkor"]
[WhiteTeamCountry "HUN"]
[BlackTeamCountry "HUN"]

1. c4 Nf6 2. Nc3 e6 3. e4 Nc6 4. d4 d6 5. f4 e5 6. d5 Nd4 7. Be3 Bg4 8. Qd2 c5 9. dxc6 Nxc6 10. f5 g6 11. h3 Nxe4 12. Nxe4 Bxf5 13. Bg5 Be7 14. Bxe7 Kxe7 15. Qg5+ Ke6 16. Qxd8 Rhxd8 17. Ng3 Nd4 18. Kf2 Rac8 19. Nf3 Nxf3 20. gxf3 Bc2 21. b3 g5 22. h4 gxh4 23. Rxh4 Bg6 24. f4 f5 25. Rc1 Rc5 26. Bh3 Kf6 27. Rg1 b5 28. Bxf5 exf4 29. Ne4+ Kxf5 30. Nxc5 dxc5 31. cxb5 Rd2+ 32. Ke1 Rxa2 33. Rf1 Ra5 34. Rfxf4+ Ke5 35. Ra4 Rxb5 36. Ra6 Rb7 37. Kd2 Kd5 38. Kc3 Re7 39. Rf4 Re2 40. b4 Rc2+ 41. Kb3 c4+ 42. Ka3 Rc1 43. Ka2 c3 44. Kb3 c2 45. Rxg6 hxg6 46. Rh4 Ke5 47. Rc4 g5 48. Kb2 Rd1 49. Kxc2 Rd7 50. b5 Kf5 51. Rc5+ Kf4 52. Rc4+ Kf3 53. Rc3+ Kf2 54. Rc4 Kg3 55. Rc3+ Kh4 56. Rd3 Rxd3 57. Kxd3 g4 58. Ke4 g3 0-1

[Event "NB2 Szechenyi csoport"]
[Site "Keszthely"]
[Date "2024.12.01"]
[Round "3.2"]
[White "Pinterne, Kovacs Marta"]
[Black "Domonkos, Tamas"]
[Result "1-0"]
[WhiteElo "2039"]
[BlackElo "1942"]
[PlyCount "65"]
[GameId "2119391139828276"]
[EventDate "2024.11.03"]
[EventType "team-tourn"]
[EventRounds "11"]
[EventCountry "HUN"]
[Source "chess.hu"]
[WhiteTeam "Spartacus Sportkor"]
[BlackTeam "Tapolca VSE II."]
[WhiteTeamCountry "HUN"]
[BlackTeamCountry "HUN"]

1. d4 Nf6 2. e3 d5 3. Bd3 c6 4. Nd2 Bg4 5. f3 Bh5 6. Nh3 e6 7. Nf4 Bg6 8. Nxg6 hxg6 9. f4 Nbd7 10. c3 Bd6 11. Qf3 Qc7 12. O-O O-O-O 13. c4 Rh5 14. c5 Be7 15. Rf2 g5 16. g3 gxf4 17. exf4 Rdh8 18. b4 Ng8 19. Nf1 f5 20. Qe2 Nf8 21. Qb2 Nf6 22. Rc2 Ne4 23. b5 g5 24. Qa3 Ng6 25. bxc6 bxc6 26. Ba6+ Kd8 27. Rb1 Ke8 28. Rb7 Qd8 29. Be2 R5h7 30. Qxa7 Kf7 31. fxg5 Qa8 32. Qxa8 Rxa8 33. h4 1-0

[Event "NB2 Szechenyi csoport"]
[Site "Keszthely"]
[Date "2024.12.01"]
[Round "3.4"]
[White "Nemeth, Zsolt"]
[Black "Simo, Judit"]
[Result "1-0"]
[WhiteElo "1994"]
[BlackElo "1871"]
[PlyCount "49"]
[GameId "2119391226761814"]
[EventDate "2024.11.03"]
[EventType "team-tourn"]
[EventRounds "11"]
[EventCountry "HUN"]
[Source "chess.hu"]
[WhiteTeam "Spartacus Sportkor"]
[BlackTeam "Tapolca VSE II."]
[WhiteTeamCountry "HUN"]
[BlackTeamCountry "HUN"]

1. e4 c5 2. Nf3 d6 3. Bb5+ Bd7 4. Bxd7+ Qxd7 5. O-O Nf6 6. d4 cxd4 7. Nxd4 Nc6 8. Re1 e6 9. c4 Be7 10. Nc3 O-O 11. b3 Rac8 12. Bb2 Nxd4 13. Qxd4 e5 14. Qd2 Ng4 15. h3 Nxf2 16. Qxf2 d5 17. Nxd5 Bc5 18. Ne3 f5 19. Rad1 Qe6 20. exf5 Rxf5 21. Qd2 Qf6 22. Kh1 Rh5 23. Ng4 Qf5 24. Qd5+ Kh8 25. Rxe5 1-0

[Event "NB2 Szechenyi csoport"]
[Site "Keszthely"]
[Date "2024.12.01"]
[Round "3.5"]
[White "Koran, Katalin Anna"]
[Black "Rozsa, Peter"]
[Result "0-1"]
[WhiteElo "1538"]
[BlackElo "2060"]
[PlyCount "54"]
[GameId "2119391267852902"]
[EventDate "2024.11.03"]
[EventType "team-tourn"]
[EventRounds "11"]
[EventCountry "HUN"]
[Source "chess.hu"]
[WhiteTeam "Tapolca VSE II."]
[BlackTeam "Spartacus Sportkor"]
[WhiteTeamCountry "HUN"]
[BlackTeamCountry "HUN"]

1. d4 Nf6 2. c4 d6 3. Nc3 c6 4. e4 e5 5. dxe5 dxe5 6. Qxd8+ Kxd8 7. Bg5 Be7 8. O-O-O+ Nfd7 9. Nf3 f6 10. Be3 Kc7 11. h4 Bc5 12. Bxc5 Nxc5 13. Be2 a5 14. b3 Nba6 15. Kb2 Bg4 16. Rd2 Rhd8 17. Rhd1 Bxf3 18. Bxf3 Rxd2+ 19. Rxd2 Ne6 20. Bg4 Nd4 21. a3 Nc5 22. b4 axb4 23. axb4 Na4+ 24. Nxa4 Rxa4 25. Kc3 Ra3+ 26. Kb2 Rb3+ 27. Ka2 Rxb4 0-1

[Event "NB2 Szechenyi csoport"]
[Site "Keszthely"]
[Date "2024.12.01"]
[Round "3.6"]
[White "Szakaly, Laszlo"]
[Black "Lukacs, Levente"]
[Result "1-0"]
[WhiteElo "1908"]
[BlackElo "1624"]
[PlyCount "53"]
[GameId "2119391316554358"]
[EventDate "2024.11.03"]
[EventType "team-tourn"]
[EventRounds "11"]
[EventCountry "HUN"]
[Source "chess.hu"]
[WhiteTeam "Spartacus Sportkor"]
[BlackTeam "Tapolca VSE II."]
[WhiteTeamCountry "HUN"]
[BlackTeamCountry "HUN"]

1. d4 d5 2. Nc3 e6 3. Bf4 Nf6 4. Nb5 Bb4+ 5. c3 Ba5 6. a4 a6 7. Na3 c6 8. e3 Bc7 9. Nf3 Bxf4 10. exf4 Ne4 11. Bd3 Nd6 12. O-O O-O 13. Re1 h6 14. Ne5 Nd7 15. Nc2 Nf6 16. Ne3 Re8 17. Bc2 Nfe4 18. f3 Nf6 19. Qd3 Qc7 20. N3g4 Nf5 21. Ne3 Nxe3 22. Rxe3 g6 23. g4 Rf8 24. g5 hxg5 25. fxg5 Nh7 26. f4 Qe7 27. Rh3 1-0

[Event "NB2 Szechenyi csoport"]
[Site "Keszthely"]
[Date "2024.12.01"]
[Round "3.8"]
[White "Suket, Ferenc"]
[Black "Csitari, Adam Farkas"]
[Result "1/2-1/2"]
[WhiteElo "1873"]
[BlackElo "1617"]
[PlyCount "40"]
[GameId "2119391402529430"]
[EventDate "2024.11.03"]
[EventType "team-tourn"]
[EventRounds "11"]
[EventCountry "HUN"]
[Source "chess.hu"]
[WhiteTeam "Spartacus Sportkor"]
[BlackTeam "Tapolca VSE II."]
[WhiteTeamCountry "HUN"]
[BlackTeamCountry "HUN"]

1. e4 e5 2. Bc4 Nc6 3. c3 Nf6 4. d3 Bc5 5. Nf3 d6 6. h3 h6 7. b4 Bb6 8. a4 a6 9. O-O O-O 10. Qb3 Qe7 11. Be3 Bxe3 12. fxe3 Be6 13. Nbd2 Rfd8 14. Rae1 Na7 15. d4 Bd7 16. Qc2 c6 17. Ba2 b5 18. a5 Rac8 19. d5 cxd5 20. exd5 Rc7 1/2-1/2

[Event "NB2 Szechenyi csoport"]
[Site "Veszprem"]
[Date "2024.12.01"]
[Round "3.1"]
[White "Szelenyi, Norbert"]
[Black "Jonas, Zsolt"]
[Result "1-0"]
[WhiteElo "2245"]
[BlackElo "2046"]
[PlyCount "71"]
[GameId "2119692059008762"]
[EventDate "2024.11.03"]
[EventType "team-tourn"]
[EventRounds "11"]
[EventCountry "HUN"]
[Source "chess.hu"]
[WhiteTeam "Sentimento Ajka BSK"]
[BlackTeam "Ezust Huszar SE"]
[WhiteTeamCountry "HUN"]
[BlackTeamCountry "HUN"]

1. d4 Nf6 2. Nf3 e6 3. Bf4 d5 4. e3 Bd6 5. Nbd2 Bxf4 6. exf4 c5 7. dxc5 Qa5 8. c3 Qxc5 9. Bd3 O-O 10. O-O Nc6 11. g3 b6 12. Qe2 Bb7 13. Nb3 Qe7 14. Rfe1 Nd7 15. Rad1 Qf6 16. Bc2 Nc5 17. Nbd4 Ba6 18. Qe3 Nxd4 19. Nxd4 Rac8 20. f5 Rfe8 21. fxe6 fxe6 22. f4 g6 23. h4 Nd7 24. Ba4 Rc7 25. Nf3 b5 26. Bb3 Nb6 27. Bxd5 Nxd5 28. Rxd5 Rce7 29. Rd6 Bb7 30. Ne5 Qf5 31. g4 Qf8 32. Kf2 Bd5 33. g5 Qf5 34. Kg3 h5 35. gxh6 a5 36. Qd4 1-0

[Event "NB2 Szechenyi csoport"]
[Site "Veszprem"]
[Date "2024.12.01"]
[Round "3.2"]
[White "Domonkos, Daniel"]
[Black "Pasti, Zsombor"]
[Result "0-1"]
[WhiteElo "1994"]
[BlackElo "2141"]
[PlyCount "90"]
[GameId "2119692104040202"]
[EventDate "2024.11.03"]
[EventType "team-tourn"]
[EventRounds "11"]
[EventCountry "HUN"]
[Source "chess.hu"]
[WhiteTeam "Ezust Huszar SE"]
[BlackTeam "Sentimento Ajka BSK"]
[WhiteTeamCountry "HUN"]
[BlackTeamCountry "HUN"]

1. d4 d5 2. c4 e6 3. cxd5 exd5 4. Nf3 Nf6 5. Nc3 Be7 6. Bg5 O-O 7. e3 c6 8. Bd3 Nbd7 9. O-O h6 10. Bf4 Re8 11. h3 b6 12. Ne5 Nxe5 13. Bxe5 Nd7 14. Bg3 Bb7 15. Rc1 Rc8 16. a3 c5 17. Bf5 g6 18. Bg4 cxd4 19. Qxd4 Bf6 20. Qd2 h5 21. Bf3 Nc5 22. Nb5 Nb3 23. Rxc8 Nxd2 24. Rxd8 Rxd8 25. Rd1 Nxf3+ 26. gxf3 Bxb2 27. Nxa7 d4 28. Bc7 Rd7 29. Bxb6 Bxf3 30. Rb1 d3 31. Rxb2 d2 32. Rxd2 Rxd2 33. h4 g5 34. Kh2 gxh4 35. Kh3 Rxf2 36. Kxh4 Bg4 37. Nc6 f6 38. Ne7+ Kf7 39. Nd5 Rh2+ 40. Kg3 Rh3+ 41. Kg2 Bd7 42. Bd4 Rh4 43. Nf4 Bc6+ 44. Kg3 Rh1 45. Nh3 h4+ 0-1

[Event "NB2 Szechenyi csoport"]
[Site "Veszprem"]
[Date "2024.12.01"]
[Round "3.3"]
[White "Vass, Viktor"]
[Black "Major, Robert"]
[Result "0-1"]
[WhiteElo "2161"]
[BlackElo "1933"]
[PlyCount "64"]
[GameId "2119692144250650"]
[EventDate "2024.11.03"]
[EventType "team-tourn"]
[EventRounds "11"]
[EventCountry "HUN"]
[Source "chess.hu"]
[WhiteTeam "Sentimento Ajka BSK"]
[BlackTeam "Ezust Huszar SE"]
[WhiteTeamCountry "HUN"]
[BlackTeamCountry "HUN"]

1. e4 c5 2. Nf3 g6 3. Be2 Bg7 4. d4 cxd4 5. Nxd4 Nc6 6. Nb3 Nf6 7. Nc3 a6 8. a4 d6 9. O-O O-O 10. Kh1 b6 11. Be3 Bb7 12. f4 e6 13. Bf3 Qc7 14. Qd2 Rad8 15. Qf2 Nd7 16. h4 Ne7 17. h5 a5 18. hxg6 fxg6 19. Nb5 Qb8 20. N5d4 Rf6 21. g4 e5 22. g5 exd4 23. Nxd4 Rf7 24. Ne6 Re8 25. Nxg7 Kxg7 26. Qg2 Qa8 27. Rad1 Nc5 28. Rxd6 Nxe4 29. Bd4+ Kg8 30. Re6 Nf5 31. Rxe8+ Qxe8 32. Rc1 Neg3+ 0-1

[Event "NB2 Szechenyi csoport"]
[Site "Veszprem"]
[Date "2024.12.01"]
[Round "3.4"]
[White "Domonkos, Andras"]
[Black "Gyorkos, Lajos"]
[Result "0-1"]
[WhiteElo "1982"]
[BlackElo "2183"]
[PlyCount "66"]
[GameId "2119692185677610"]
[EventDate "2024.11.03"]
[EventType "team-tourn"]
[EventRounds "11"]
[EventCountry "HUN"]
[Source "chess.hu"]
[WhiteTeam "Ezust Huszar SE"]
[BlackTeam "Sentimento Ajka BSK"]
[WhiteTeamCountry "HUN"]
[BlackTeamCountry "HUN"]

1. c4 c5 2. Nc3 Nc6 3. g3 g6 4. Bg2 Bg7 5. d3 e6 6. e4 Nge7 7. Nge2 O-O 8. O-O b6 9. Bf4 d6 10. Qd2 Bb7 11. a3 Qd7 12. Bh6 Nd4 13. Bxg7 Kxg7 14. Nxd4 cxd4 15. Ne2 e5 16. f4 f5 17. Rae1 fxe4 18. dxe4 Rac8 19. b3 b5 20. Nxd4 exd4 21. Qxd4+ Kg8 22. cxb5 Qxb5 23. Qxd6 Qb6+ 24. Qxb6 axb6 25. Bh3 Rc3 26. Be6+ Kh8 27. f5 gxf5 28. Rf2 Nc6 29. Bd5 Re8 30. Rxf5 Nd4 31. Bf7 Re7 32. Rf6 Nf3+ 33. Rxf3 Rxf3 0-1

[Event "NB2 Szechenyi csoport"]
[Site "Veszprem"]
[Date "2024.12.01"]
[Round "3.5"]
[White "Kosztolanczi, Gyula"]
[Black "Nyoger, Istvan"]
[Result "1-0"]
[WhiteElo "2026"]
[BlackElo "1901"]
[PlyCount "101"]
[GameId "2119692225957690"]
[EventDate "2024.11.03"]
[EventType "team-tourn"]
[EventRounds "11"]
[EventCountry "HUN"]
[Source "chess.hu"]
[WhiteTeam "Sentimento Ajka BSK"]
[BlackTeam "Ezust Huszar SE"]
[WhiteTeamCountry "HUN"]
[BlackTeamCountry "HUN"]

1. e4 c6 2. d4 d5 3. Nc3 dxe4 4. Nxe4 Bf5 5. Ng3 Bg6 6. Nh3 h6 7. Nf4 Bh7 8. Bc4 Nd7 9. O-O e6 10. Re1 Be7 11. Bxe6 Ngf6 12. Bf5 O-O 13. c3 Re8 14. Bd2 Qb6 15. Bxh7+ Kxh7 16. Nf5 Bf8 17. Qb3 Qxb3 18. axb3 Rxe1+ 19. Rxe1 Re8 20. Rxe8 Nxe8 21. c4 g6 22. Ng3 Bg7 23. Bc3 Nc7 24. Kf1 Ne6 25. Nxe6 fxe6 26. Ne4 a6 27. Ke2 b5 28. Kd3 Kg8 29. Bb4 Bf8 30. Kc3 Bg7 31. f4 Bh8 32. Nc5 a5 33. Nxd7 axb4+ 34. Kd3 Bg7 35. c5 g5 36. g3 Kf7 37. Nb8 Kg6 38. Ke4 Kh5 39. Nxc6 Kg4 40. Ne5+ Kh3 41. c6 Kxh2 42. c7 Kxg3 43. c8=Q Bxe5 44. dxe5 g4 45. Qxe6 h5 46. Qd6 h4 47. Qd3+ Kg2 48. Qe2+ Kg3 49. Ke3 Kh3 50. Kf2 g3+ 51. Kg1 1-0

[Event "NB2 Szechenyi csoport"]
[Site "Veszprem"]
[Date "2024.12.01"]
[Round "3.6"]
[White "Matyi, Attila"]
[Black "Paksa, Rudolf"]
[Result "1/2-1/2"]
[WhiteElo "1886"]
[BlackElo "2034"]
[PlyCount "118"]
[GameId "2119692267962186"]
[EventDate "2024.11.03"]
[EventType "team-tourn"]
[EventRounds "11"]
[EventCountry "HUN"]
[Source "chess.hu"]
[WhiteTeam "Ezust Huszar SE"]
[BlackTeam "Sentimento Ajka BSK"]
[WhiteTeamCountry "HUN"]
[BlackTeamCountry "HUN"]

1. d4 Nf6 2. Nc3 d5 3. Bf4 c5 4. e3 a6 5. dxc5 Nc6 6. Nf3 e6 7. a3 Bxc5 8. Bd3 h6 9. h3 Bd6 10. Bxd6 Qxd6 11. e4 O-O 12. O-O d4 13. Ne2 e5 14. c3 dxc3 15. Nxc3 Rd8 16. Bc4 Qc7 17. Qe2 Nd4 18. Nxd4 Rxd4 19. Bd5 Bd7 20. Rfd1 Re8 21. Qe3 Qb6 22. b3 Rxd1+ 23. Rxd1 Qxe3 24. fxe3 Rc8 25. Rd3 Rc7 26. a4 b5 27. axb5 axb5 28. b4 Kf8 29. Bb3 Ra7 30. Kf1 Ke7 31. Ke2 Ra1 32. Bd5 Rg1 33. Kf2 Rc1 34. Bb7 Rc2+ 35. Kf3 Rb2 36. Nd5+ Nxd5 37. Bxd5 Be6 38. Rc3 Rxb4 39. Rc7+ Kd8 40. Rb7 Bxd5 41. exd5 Rb1 42. Ke4 f6 43. Rxg7 b4 44. Kd3 Ke8 45. Rh7 Rg1 46. Rxh6 Kf7 47. Rh7+ Kg8 48. Rb7 Rxg2 49. Rxb4 f5 50. d6 Kf7 51. d7 Ke7 52. d8=Q+ Kxd8 53. Rb5 e4+ 54. Kd4 Rf2 55. Rb7 Ke8 56. Ke5 Rf3 57. h4 Rxe3 58. Kxf5 Rh3 59. Kxe4 Rxh4+ 1/2-1/2

[Event "NB2 Szechenyi csoport"]
[Site "Veszprem"]
[Date "2024.12.01"]
[Round "3.7"]
[White "Kishazi, Istvan"]
[Black "Szunyogh, Istvan"]
[Result "1/2-1/2"]
[WhiteElo "1917"]
[BlackElo "1817"]
[PlyCount "121"]
[GameId "2119692309602138"]
[EventDate "2024.11.03"]
[EventType "team-tourn"]
[EventRounds "11"]
[EventCountry "HUN"]
[Source "chess.hu"]
[WhiteTeam "Sentimento Ajka BSK"]
[BlackTeam "Ezust Huszar SE"]
[WhiteTeamCountry "HUN"]
[BlackTeamCountry "HUN"]

1. d4 d5 2. Bf4 Nf6 3. Nf3 g6 4. e3 Bg4 5. Nbd2 Bg7 6. Bd3 O-O 7. h3 Bxf3 8. Qxf3 c6 9. g4 Re8 10. h4 Nbd7 11. h5 e5 12. dxe5 Nxe5 13. Bxe5 Rxe5 14. hxg6 hxg6 15. O-O-O Qd7 16. Rdg1 Rg5 17. Rh4 Re8 18. Qh3 Rge5 19. Rh1 Kf8 20. Nf3 R5e6 21. Ng5 Re5 22. Nh7+ Nxh7 23. Rxh7 Bf6 24. Qh6+ Ke7 25. Qxg6 Rf8 26. Bf5 Rxf5 27. gxf5 Qd6 28. R1h6 Qe5 29. c3 c5 30. Kd2 d4 31. Qxf6+ Qxf6 32. Rxf6 dxc3+ 33. bxc3 Kxf6 34. e4 Rd8+ 35. Kc2 c4 36. f4 Rd7 37. Rh5 Rd3 38. e5+ Ke7 39. Rh8 Rf3 40. Rb8 Rf2+ 41. Kb1 Rxf4 42. Rxb7+ Ke8 43. f6 Rf3 44. Kb2 Rf2+ 45. Ka3 a5 46. Rc7 Re2 47. Rc5 Kd7 48. Rxa5 Ke6 49. Kb4 Rxe5 50. Rxe5+ Kxe5 51. Kxc4 Kxf6 52. Kd4 Ke6 53. a4 Kd6 54. Ke4 Kc5 55. Ke5 Kb6 56. Kd6 f5 57. c4 f4 58. c5+ Ka5 59. c6 f3 60. c7 f2 61. c8=Q 1/2-1/2

[Event "NB2 Szechenyi csoport"]
[Site "Veszprem"]
[Date "2024.12.01"]
[Round "3.8"]
[White "Juhasz, Nagy Sandor"]
[Black "Kariko, Lajos"]
[Result "1/2-1/2"]
[WhiteElo "1797"]
[BlackElo "1911"]
[PlyCount "47"]
[GameId "2119692376751978"]
[EventDate "2024.11.03"]
[EventType "team-tourn"]
[EventRounds "11"]
[EventCountry "HUN"]
[Source "chess.hu"]
[WhiteTeam "Ezust Huszar SE"]
[BlackTeam "Sentimento Ajka BSK"]
[WhiteTeamCountry "HUN"]
[BlackTeamCountry "HUN"]

1. d4 Nf6 2. c4 e6 3. Nc3 Bb4 4. Bd2 c5 5. e3 O-O 6. Nf3 b6 7. Be2 Bb7 8. O-O d5 9. a3 cxd4 10. exd4 Be7 11. cxd5 Nxd5 12. Nxd5 Bxd5 13. Bc3 Nd7 14. Ne5 Rc8 15. Bf3 Nf6 16. Bxd5 Nxd5 17. Qd2 h6 18. f4 Rc7 19. Rfc1 Qd6 20. b4 Rfc8 21. Bb2 f6 22. Ng6 Kf7 23. Nxe7 Kxe7 24. g3 1/2-1/2

[Event "NB2 Szechenyi csoport"]
[Site "Veszprem"]
[Date "2024.12.01"]
[Round "3.9"]
[White "Tanczos, Dezso"]
[Black "Geroly, Jozsef"]
[Result "1/2-1/2"]
[WhiteElo "1914"]
[BlackElo "1770"]
[PlyCount "61"]
[GameId "2119692433969018"]
[EventDate "2024.11.03"]
[EventType "team-tourn"]
[EventRounds "11"]
[EventCountry "HUN"]
[Source "chess.hu"]
[WhiteTeam "Sentimento Ajka BSK"]
[BlackTeam "Ezust Huszar SE"]
[WhiteTeamCountry "HUN"]
[BlackTeamCountry "HUN"]

1. e4 d6 2. Nf3 g6 3. d4 Bg7 4. c4 Nd7 5. Nc3 e5 6. d5 Ne7 7. g4 O-O 8. h4 f5 9. gxf5 gxf5 10. Ng5 Nf6 11. Bd3 f4 12. Kd2 h6 13. Nf3 Bg4 14. Be2 Qd7 15. Qg1 c6 16. Nh2 Bxe2 17. Kxe2 cxd5 18. cxd5 b5 19. a3 a5 20. f3 b4 21. Nd1 Nh5 22. Nf1 Kh7 23. Qg4 Qxg4 24. fxg4 Nf6 25. Nf2 Nd7 26. Bd2 Nc5 27. a4 Nxd5 28. exd5 e4 29. Bc1 Rae8 30. Rh3 e3 31. Nxe3 1/2-1/2

[Event "NB2 Szechenyi csoport"]
[Site "Veszprem"]
[Date "2024.12.01"]
[Round "3.10"]
[White "Meszaros, Ferenc"]
[Black "Soos, David"]
[Result "1-0"]
[WhiteElo "1692"]
[BlackElo "1892"]
[PlyCount "95"]
[GameId "2119692476383114"]
[EventDate "2024.11.03"]
[EventType "team-tourn"]
[EventRounds "11"]
[EventCountry "HUN"]
[Source "chess.hu"]
[WhiteTeam "Ezust Huszar SE"]
[BlackTeam "Sentimento Ajka BSK"]
[WhiteTeamCountry "HUN"]
[BlackTeamCountry "HUN"]

1. e4 e6 2. d4 d5 3. exd5 exd5 4. Nf3 Nf6 5. Be2 Bd6 6. O-O O-O 7. Bg5 Be6 8. c3 Nbd7 9. Nbd2 c6 10. Qc2 h6 11. Bh4 Qc7 12. Bg3 Bxg3 13. hxg3 Bg4 14. Rfe1 Rfe8 15. Bd3 c5 16. dxc5 Nxc5 17. Bb5 Rxe1+ 18. Rxe1 a6 19. Bf1 Re8 20. Rxe8+ Nxe8 21. Nb3 Bxf3 22. gxf3 Nxb3 23. Qxb3 b5 24. Qxd5 Qd6 25. Qa8 Qe6 26. c4 bxc4 27. Bxc4 Qxc4 28. Qxe8+ Kh7 29. Qe4+ Qxe4 30. fxe4 Kg6 31. f4 Kf6 32. Kf2 g5 33. fxg5+ hxg5 34. b4 Ke5 35. Ke3 f5 36. exf5 Kxf5 37. Kf3 g4+ 38. Ke3 Ke5 39. a4 Kd5 40. b5 axb5 41. axb5 Kc5 42. Kf4 Kxb5 43. Kxg4 Kc6 44. Kf5 Kd7 45. Kf6 Ke8 46. Kg7 Ke7 47. g4 Ke6 48. g5 1-0

[Event "NB2 Szechenyi csoport"]
[Site "Veszprem"]
[Date "2024.12.01"]
[Round "3.11"]
[White "Horvath, Matyas Sandor"]
[Black "Pohl, Brigitta"]
[Result "1-0"]
[WhiteElo "1820"]
[BlackElo "1513"]
[PlyCount "95"]
[GameId "2119692560969626"]
[EventDate "2024.11.03"]
[EventType "team-tourn"]
[EventRounds "11"]
[EventCountry "HUN"]
[Source "chess.hu"]
[WhiteTeam "Sentimento Ajka BSK"]
[BlackTeam "Ezust Huszar SE"]
[WhiteTeamCountry "HUN"]
[BlackTeamCountry "HUN"]

1. e4 e5 2. Nf3 Nc6 3. Bc4 d6 4. d4 Bg4 5. h3 Bxf3 6. Qxf3 Qf6 7. Qxf6 Nxf6 8. dxe5 Nxe5 9. Bd3 Nxd3+ 10. cxd3 O-O-O 11. O-O h6 12. Nc3 Nd7 13. d4 g5 14. Be3 Bg7 15. Rac1 Kb8 16. b3 c6 17. a4 a6 18. Ne2 Rhe8 19. Ng3 Nf6 20. Nf5 Bh8 21. Nxh6 Nxe4 22. Nxf7 Rd7 23. Nxh8 Rxh8 24. Rfe1 Rg8 25. f3 Ng3 26. Bf2 Nf5 27. Re6 d5 28. Rce1 Rdd8 29. R1e5 Rdf8 30. Kh2 Kc8 31. Re1 Kd7 32. Bg3 Nxg3 33. Kxg3 Rf4 34. Re7+ Kd8 35. Rxb7 Kc8 36. Ree7 Rxd4 37. Rec7+ Kd8 38. Rxc6 Re8 39. Rxa6 Kc8 40. Raa7 Rf4 41. Rd7 d4 42. Rac7+ Kb8 43. Rc4 Re3 44. Rcxd4 Rxd4 45. Rxd4 Rxb3 46. Rd5 Rb4 47. Rb5+ Rxb5 48. axb5 1-0

[Event "NB2 Szechenyi csoport"]
[Site "Sarvar"]
[Date "2024.12.01"]
[Round "3.1"]
[White "Nemeth, Denes"]
[Black "Smideliusz, Mark"]
[Result "1/2-1/2"]
[WhiteElo "2184"]
[BlackElo "2168"]
[PlyCount "21"]
[GameId "2120088565981319"]
[EventDate "2024.11.03"]
[EventType "team-tourn"]
[EventRounds "11"]
[EventCountry "HUN"]
[Source "chess.hu"]
[WhiteTeam "Haladas VSE"]
[BlackTeam "Sarvari Sakk Club SE"]
[WhiteTeamCountry "HUN"]
[BlackTeamCountry "HUN"]

1. d4 Nf6 2. c4 e6 3. g3 d5 4. Bg2 Bb4+ 5. Bd2 Be7 6. Nf3 O-O 7. O-O c6 8. b3 b6 9. Qc2 Ba6 10. Bf4 Nbd7 11. Rd1 1/2-1/2

[Event "NB2 Szechenyi csoport"]
[Site "Sarvar"]
[Date "2024.12.01"]
[Round "3.2"]
[White "Odor, Istvan"]
[Black "Jokai, Bence"]
[Result "1/2-1/2"]
[WhiteElo "2049"]
[BlackElo "1929"]
[PlyCount "34"]
[GameId "2120088611938482"]
[EventDate "2024.11.03"]
[EventType "team-tourn"]
[EventRounds "11"]
[EventCountry "HUN"]
[Source "chess.hu"]
[WhiteTeam "Sarvari Sakk Club SE"]
[BlackTeam "Haladas VSE"]
[WhiteTeamCountry "HUN"]
[BlackTeamCountry "HUN"]

1. e4 c5 2. Nf3 d6 3. d4 cxd4 4. Nxd4 Nf6 5. Nc3 g6 6. Be3 Nc6 7. f3 h5 8. Qd2 Nxd4 9. Bxd4 Bh6 10. Be3 Bg7 11. O-O-O Bd7 12. h3 Qa5 13. Kb1 Rc8 14. Bd4 Be6 15. Nd5 Qxd2 16. Rxd2 Bxd5 17. exd5 a6 1/2-1/2

[Event "NB2 Szechenyi csoport"]
[Site "Sarvar"]
[Date "2024.12.01"]
[Round "3.3"]
[White "Joo, Gabor"]
[Black "Balka, Richard"]
[Result "1/2-1/2"]
[WhiteElo "1937"]
[BlackElo "2054"]
[PlyCount "72"]
[GameId "2120088650715330"]
[EventDate "2024.11.03"]
[EventType "team-tourn"]
[EventRounds "11"]
[EventCountry "HUN"]
[Source "chess.hu"]
[WhiteTeam "Haladas VSE"]
[BlackTeam "Sarvari Sakk Club SE"]
[WhiteTeamCountry "HUN"]
[BlackTeamCountry "HUN"]

1. e4 e5 2. Nf3 Nc6 3. d4 exd4 4. Bc4 Bc5 5. c3 Nf6 6. cxd4 Bb4+ 7. Bd2 Bxd2+ 8. Nbxd2 d5 9. exd5 Nxd5 10. O-O O-O 11. Nb3 Bg4 12. h3 Bh5 13. g4 Bg6 14. Ne5 Nce7 15. Qd2 Nb6 16. Bd3 Bxd3 17. Qxd3 Nbd5 18. f4 Ng6 19. Qg3 f6 20. Nxg6 hxg6 21. f5 gxf5 22. gxf5 Qd6 23. Qxd6 cxd6 24. Rae1 Rfe8 25. Na5 Ne3 26. Rf3 Nc2 27. Rd1 Re7 28. Rb3 b6 29. Nc6 Re2 30. Kf1 Rae8 31. d5 Rh2 32. Kg1 Ree2 33. Rg3 Ne3 34. Rxe3 Reg2+ 35. Kf1 Rf2+ 36. Kg1 Rfg2+ 1/2-1/2

[Event "NB2 Szechenyi csoport"]
[Site "Sarvar"]
[Date "2024.12.01"]
[Round "3.4"]
[White "Ongai, Erik"]
[Black "Gutmann, Alois"]
[Result "1/2-1/2"]
[WhiteElo "2073"]
[BlackElo "1986"]
[PlyCount "42"]
[GameId "2120088684396754"]
[EventDate "2024.11.03"]
[EventType "team-tourn"]
[EventRounds "11"]
[EventCountry "HUN"]
[Source "chess.hu"]
[WhiteTeam "Sarvari Sakk Club SE"]
[BlackTeam "Haladas VSE"]
[WhiteTeamCountry "HUN"]
[BlackTeamCountry "HUN"]

1. e4 e6 2. d4 d5 3. exd5 exd5 4. Nf3 Bd6 5. Bd3 Nc6 6. O-O Nge7 7. c3 O-O 8. Qc2 Ng6 9. Bg5 Nce7 10. Nbd2 f6 11. Bh4 Kh8 12. Bg3 Bxg3 13. hxg3 Bg4 14. Rfe1 Qd7 15. Re2 Bf5 16. Rae1 Bxd3 17. Qxd3 Nf5 18. Nb3 b6 19. Na1 a5 20. Nc2 Nd6 21. Ne3 c6 1/2-1/2